| 000 | 00552nam a2200169Ia 4500 | ||
|---|---|---|---|
| 020 | _a(hb) | ||
| 082 |
_a297.4 _bGIB _cL31,P-2 |
||
| 100 |
_aGibb, H. A. R. _937408 |
||
| 245 |
_aIslamic society and the West _ba study of the impact of Western civilization on Moslem culture in the near East |
||
| 260 |
_aLondon : _bOxford University Press , _c1957 |
||
| 300 | _a2 Vols. | ||
| 526 |
_a0 _b0 _c0 _d297_400000000000000_GIB |
||
| 650 |
_aMCE _9379 |
||
| 650 |
_aMiddle East -- Social Conditions _937409 |
||
| 700 |
_aBowen, Harold _937410 |
||
| 942 |
_2ddc _cBK |
||
| 999 |
_c542278 _d542278 |
||